Hacia una agenda sociopolítica de la integración en el Caribe : (Registro nro. 7372)

Detalles MARC
000 -LIDER
fixed length control field 01537nam a2200337 a 4500
001 - NÚMERO DE CONTROL
Identificador de número de control 000026730
003 - IDENTIFICACDOR DE NÚMERO DE CONTROL
control field DO-SdBNP
005 - DATE AND TIME OF LATEST TRANSACTION
control field 20180327143251.0
007 - CAMPOS FIJOS DE DESCRIPCIÓN FÍSICA
fixed length control field 000026730
008 - ELEMENTOS DE LONGITUD FIJA
fixed length control field 110324s1996 dr 001 0 spa d
020 ## - ISBN
International Standard Book Number 8489401101
040 ## - FUENTE DE CATALOGACIÓN
Agencia que crea de manera original el registro BPMSU
Idioma de catalogación spa
Agencia que realiza la transcripción BPMSU
082 04 - NÚMERO DE CLASIFICACIÓN DECIMAL DE DEWEY
Classification number 338.9729
Item number S471h
111 1# - ASIENTO PRINCIPAL--NOMBRE DE REUNIÓN O CONFERENCIA
Nombre de reunión o jurisdicción como elemento de entrada Seminario Internacional "Hacia una Agenda Sociopolítica de la Integración en el Caribe"
Fecha de la reunión (1995 :
Lugar de la reunión Santo Domingo)
245 10 - MENCIÓN DE TITULO
Título Hacia una agenda sociopolítica de la integración en el Caribe :
Subtítulo conclusiones y recomendaciones = Towards a sociopolitical agenda for caribbean integration : conclusions and recomendations /
Mención de responsabilidad coordinación Alejandra Liriano, Lilian Bobea.
246 10 - VARIACION DEL TÍTULO
Título propiamente dicho o título corto Towards a sociopolitical agenda for caribbean integration :
Subtítulo conclusions and recomendations
260 0# - PUBLICACIÓN, DISTRIBUCIÓN, ETC. (PIE DE IMPRENTA)
Lugar de publicación, distribución, etc Santo Domingo :
Nombre del editor, distribuidor, etc. FLASCO,
Fecha de publicación, distribución, etc 1996.
300 ## - DESCRIPCIÓN FÍSICA
Extensión 114 p. ;
Dimensiones 23 cm.
650 #4 - ENCABEZAMIENTO DE MATERIA--TEMÁTICO
Término temático o nombre geográfico como elemento de entrada GEOPOLÍTICA
651 #4 - ENCABEZAMIENTO DE MATERIA--NOMBRE GEOGRÁFICO
Nombre geográfico CARIBE (REGIÓN)
Subdivisión temática general INTEGRACIÓN ECONÓMICA
-- CONGRESOS, CONFERENCIAS, ETC.
651 #4 - ENCABEZAMIENTO DE MATERIA--NOMBRE GEOGRÁFICO
Nombre geográfico CARIBE (REGIÓN)
Subdivisión temática general CONDICIONES ECONÓMICAS
-- CONGRESOS, CONFERENCIAS, ETC.
651 #4 - ENCABEZAMIENTO DE MATERIA--NOMBRE GEOGRÁFICO
Nombre geográfico CARIBE (REGIÓN)
Subdivisión temática general POLÍTICA AMBIENTAL
-- CONGRESOS, CONFERENCIAS, ETC.
651 #4 - ENCABEZAMIENTO DE MATERIA--NOMBRE GEOGRÁFICO
Nombre geográfico CARIBE (REGIÓN)
Subdivisión temática general POLÍTICA Y GOBIERNO
700 12 - ASIENTO SECUNDARIO -- NOMBRE PERSONAL
Nombre personal Liriano, Alejandro
Mención de responsabilidad coord.
700 12 - ASIENTO SECUNDARIO -- NOMBRE PERSONAL
Nombre personal Bobea, Lilian
Mención de responsabilidad coord.
710 2# - ASIENTO SECUNDARIO -- NOMBRE CORPORATIVO
Nombre corporativo o de jurisdicción Facultad Latinoaméricana de Ciencias Sociales
910 ## - VALIDACIÓN
Validación Validado. Control de calidad MFF
942 ## - ADDED ENTRY ELEMENTS (KOHA)
Source of classification or shelving scheme Dewey Decimal Classification
Koha item type Libros
945 ## - INFORMACIÓN DE PROCESAMIENTO LOCAL
Información de procesamiento local Remanejado para la BNPHU, 2018 / BT
956 ## - LOCAL ELECTRONIC LOCATION AND ACCESS (OCLC)
Nombre de host VMATEO
Número de acceso 10
Información de compresión 20150908
Inicio de sesión BPMSU
Procesador de solicitud 0069
Existencias
Withdrawn status Lost status Source of classification or shelving scheme Damaged status Not for loan Collection code Home library Current library Date acquired Total Checkouts Full call number Barcode Date last seen Price effective from Koha item type
    Dewey Decimal Classification     Colección Dominicana Biblioteca Pública Metropolitana Salomé Ureña Biblioteca Pública Metropolitana Salomé Ureña 02/11/2015   338.9729 S471h BPMSU15041161 02/11/2015 02/11/2015 Libros